000 00485nam a2200193 a 4500
001 1765801398802
003 YourLibrary
005 20251222105848.0
008 251215s2007##################000#0#eng##
020 _a9781405177207
082 0 4 _a230.01
_bFOR
100 1 _aFord, David F.,
_eauthor.
245 1 0 _aShaping Theology :
260 _bWiley-Blackwell,
_c2007.
300 _a280 pages
650 0 _aReligion.
942 _cENGLISH
040 _aYourLibrary
_beng
_cYourLibrary
999 _c603621
_d603621